[Event "38th Olympiad w"]
[Site "Dresden GER"]
[Date "2008.11.17"]
[Round "5"]
[White "Solomons,A"]
[Black "Melnik,G"]
[Result "1-0"]
[WhiteElo "1908"]
[BlackElo "2062"]
[EventDate "2008.11.13"]

1. d4 d5 2. c4 e6 3. Nc3 Nf6 4. Bg5 Be7 5. Nf3 Nbd7 6. e3 c6 7. Bd3 dxc4 8.
Bxc4 b5 9. Bd3 a6 10. O-O c5 11. Re1 Bb7 12. h3 O-O 13. Ne5 Rc8 14. Nxd7
Qxd7 15. dxc5 Rfd8 16. Bxf6 Bxf6 17. Be4 Bxc3 18. Qxd7 Rxd7 19. Bxb7 Rxb7
20. bxc3 Rxc5 21. Red1 Kf8 22. Rd8+ Ke7 23. Ra8 Rxc3 24. Rxa6 b4 25. Rb1
Rc2 26. Ra4 Rd7 27. Rbxb4 Rd1+ 28. Kh2 Rxf2 29. Ra7+ Kd6 30. Rbb7 Rdf1 31.
a4 g5 32. a5 f6 33. Rb6+ Kd5 34. Rd7+ Kc5 35. Rc7+ Kd5 36. a6 Ra1 37. a7
Raa2 38. Rb8 Rxg2+ 39. Kh1 Rh2+ 40. Kg1 Rhg2+ 41. Kf1 Rgf2+ 42. Ke1 Rfe2+
43. Kd1 Kd6 44. a8=Q Kxc7 45. Qb7+ Kd6 46. Qb4+ Kc7 47. Qb6+ 1-0

[Event "38th Olympiad w"]
[Site "Dresden GER"]
[Date "2008.11.17"]
[Round "5"]
[White "De Jager,C"]
[Black "Jennitha,A"]
[Result "0-1"]
[WhiteElo "1800"]
[BlackElo "1998"]
[EventDate "2008.11.13"]

1. c4 Nf6 2. Nc3 g6 3. g3 Bg7 4. Bg2 O-O 5. Nf3 d6 6. O-O e5 7. d3 Nc6 8.
Rb1 a5 9. a3 Nd4 10. Bg5 h6 11. Bxf6 Nxf3+ 12. Bxf3 Bxf6 13. b4 axb4 14.
axb4 Bg7 15. b5 f5 16. Qb3 Kh8 17. Ra1 Rb8 18. Ra7 g5 19. h3 g4 20. hxg4
fxg4 21. Be4 h5 22. Kg2 Qf6 23. Nd5 Qf7 24. Nb4 Bh6 25. Nc2 h4 26. d4 h3+
27. Kh2 Bf5 28. Bd5 Qe7 29. Bxb7 Bxc2 30. Qxc2 Be3 31. Bc6 Bxd4 32. Ra3
Bxf2 33. Qg6 Rf7 34. Qxg4 Rg8 35. Qh4+ Qxh4 36. gxh4 Bg3+ 37. Rxg3 Rxf1 38.
Kxh3 Rxg3+ 39. Kxg3 Kg7 40. Kg4 Rf4+ 41. Kg5 Rxc4 42. h5 Rf4 43. e3 Rf1 44.
e4 Rf2 45. Bd7 d5 46. exd5 e4 47. h6+ Kh8 48. d6 cxd6 49. b6 e3 50. Bg4 Rb2
51. b7 Rxb7 52. Kf4 Re7 53. Be2 Kh7 54. Bd3+ Kxh6 55. Kf3 Kg5 56. Be2 d5
57. Bd3 d4 58. Be2 Kf5 59. Bd3+ Ke5 60. Ke2 Rf7 61. Bc4 Rf2+ 62. Kd1 d3 63.
Ke1 Kd4 64. Bb5 Rb2 0-1

[Event "38th Olympiad w"]
[Site "Dresden GER"]
[Date "2008.11.17"]
[Round "5"]
[White "Kaydanovich,M"]
[Black "Sischy,M"]
[Result "0-1"]
[WhiteElo "1855"]
[BlackElo "1965"]
[EventDate "2008.11.13"]

1. e4 c5 2. Nf3 d6 3. d4 cxd4 4. Nxd4 Nf6 5. Nc3 a6 6. Be3 e5 7. Nb3 Be6 8.
f3 Be7 9. g4 O-O 10. Qd2 d5 11. exd5 Nxd5 12. Nxd5 Bxd5 13. Bg2 Bh4+ 14.
Bf2 Bxb3 15. Qxd8 Bxf2+ 16. Kxf2 Rxd8 17. cxb3 Rd2+ 18. Kg3 Nc6 19. Rhe1
Rad8 20. Bf1 Rxb2 21. Re2 Rdd2 22. Rxd2 Rxd2 23. a3 g6 24. Re1 Kg7 25. Re2
Rxe2 26. Bxe2 Nd4 27. Bc4 Nc2 28. a4 Ne3 29. Bd3 Kf6 30. Kf2 Nd5 31. h4 Nb4
32. Be4 b6 33. Ke3 Ke6 34. g5 Nd5+ 35. Kf2 Nf4 36. Bb7 a5 37. Ba6 f5 38.
gxf6 Kxf6 39. Bf1 Kf5 40. Bb5 Nd5 41. Kg3 Nf6 42. Bf1 e4 43. Bh3+ Ke5 44.
f4+ Kd4 45. Bf1 Ke3 46. Kg2 Kxf4 47. Bc4 Kg4 48. Kf2 Kxh4 49. Ke3 Kg3 50.
Kd4 Kf4 51. Bf1 g5 52. Kc4 Kf3 53. Kb5 e3 54. Kxb6 e2 55. Bxe2+ Kxe2 56.
Kxa5 g4 0-1

[Event "38th Olympiad w"]
[Site "Dresden GER"]
[Date "2008.11.17"]
[Round "5"]
[White "Shabanaj,E"]
[Black "Colombo,C"]
[Result "0-1"]
[WhiteElo "2093"]
[BlackElo "2071"]
[EventDate "2008.11.13"]

1. d4 Nf6 2. c4 g6 3. Nf3 Bg7 4. Nc3 O-O 5. e4 d6 6. h3 e5 7. d5 a5 8. Bg5
h6 9. Be3 Na6 10. Bd3 b6 11. Rc1 Bd7 12. Qd2 Kh7 13. g4 Rh8 14. Ke2 Qe8 15.
Rcg1 Kg8 16. Nh4 Nb4 17. b3 a4 18. f3 axb3 19. axb3 Ra3 20. Qb2 Ra8 21. Ra1
Rxa1 22. Rxa1 g5 23. Nf5 Bxf5 24. gxf5 Nh5 25. Ra7 Nf4+ 26. Bxf4 Nxd3 27.
Kxd3 exf4 28. Qa3 Kh7 29. Rxc7 Qe5 30. Nb5 Rf8 31. Rd7 h5 32. Rxd6 g4 33.
hxg4 hxg4 34. f6 Bh6 35. Rxb6 Qh5 36. Qc1 Qh3 37. Nd4 gxf3 38. Qd1 f2+ 39.
Ke2 Qe3+ 40. Kf1 Rg8 41. Nf3 Qd4 42. e5 Rg1+ 0-1

[Event "38th Olympiad w"]
[Site "Dresden GER"]
[Date "2008.11.17"]
[Round "5"]
[White "Shabanaj,A"]
[Black "De Leon,P"]
[Result "1-0"]
[WhiteElo "1990"]
[BlackElo "1748"]
[EventDate "2008.11.13"]

1. d4 d5 2. c4 e6 3. cxd5 exd5 4. Nf3 Nf6 5. Bg5 Be7 6. e3 h6 7. Bh4 O-O 8.
Nc3 b6 9. Bd3 Be6 10. O-O c5 11. Bc2 Nc6 12. Ba4 Rc8 13. Bxc6 Rxc6 14. Qa4
Qa8 15. Ne5 Rcc8 16. Rac1 Rfd8 17. a3 a6 18. Qb3 Qa7 19. Na4 b5 20. Nxc5
Bxc5 21. dxc5 g5 22. Bg3 Ne4 23. Qd1 Nxc5 24. b4 f6 25. Qd4 fxe5 26. Bxe5
Rc6 27. bxc5 Rdc8 28. Bd6 Qf7 29. f4 gxf4 30. Rxf4 Qd7 31. Rcf1 Qg7 32.
Rf8+ Rxf8 33. Rxf8+ Kh7 34. Qd3+ Qg6 35. Rh8+ Kg7 36. Be5+ 1-0

[Event "38th Olympiad w"]
[Site "Dresden GER"]
[Date "2008.11.17"]
[Round "5"]
[White "Donatti,S"]
[Black "Driza,A"]
[Result "0-1"]
[WhiteElo "1678"]
[BlackElo "1959"]
[EventDate "2008.11.13"]

1. e4 e5 2. Nf3 Nc6 3. Bb5 a6 4. Ba4 Nf6 5. O-O Be7 6. Re1 b5 7. Bb3 d6 8.
h3 Na5 9. d4 Nxb3 10. axb3 exd4 11. Nxd4 Bb7 12. Nc3 O-O 13. Bg5 h6 14. Bh4
Re8 15. Nf5 b4 16. Nxe7+ Qxe7 17. Nd5 Bxd5 18. exd5 Qxe1+ 19. Qxe1 Rxe1+
20. Rxe1 Nxd5 21. Kf1 Kf8 22. Bg3 a5 23. Ra1 Nb6 24. Ke2 a4 25. bxa4 Rxa4
26. Rxa4 Nxa4 27. b3 Nc3+ 28. Kd3 Ke7 29. Bf4 Ke6 30. Bd2 Nd5 31. Kc4 c5
32. Bc1 h5 33. f4 Nb6+ 34. Kb5 Nc8 35. g4 hxg4 36. hxg4 Ne7 37. Kc4 f5 38.
g5 g6 39. Bd2 Kd7 40. Bc1 Kc6 41. Be3 d5+ 42. Kd3 d4 43. Bd2 Kd5 44. Be1
Nc8 45. Bg3 Nd6 46. Be1 Ne4 47. Ke2 Kc6 48. Kd3 Kb5 49. Bh4 Nc3 50. Be1 Nd5
51. Bd2 Nb6 52. Be1 Kc6 53. Ke2 Nd5 54. Kd3 Nxf4+ 55. Kc4 Nd5 56. Bd2 Nb6+
57. Kd3 Kd5 58. Bf4 Nd7 59. Bg3 Ne5+ 60. Ke2 Ke4 61. Bxe5 Kxe5 62. Kf3 f4
0-1

[Event "38th Olympiad w"]
[Site "Dresden GER"]
[Date "2008.11.17"]
[Round "5"]
[White "Zepeda,L"]
[Black "Nekrasova,E"]
[Result "1/2-1/2"]
[WhiteElo "2159"]
[BlackElo "2091"]
[EventDate "2008.11.13"]

1. e4 c5 2. Nf3 Nc6 3. d4 cxd4 4. Nxd4 Nf6 5. Nc3 d6 6. Be2 e5 7. Nb3 Be6
8. Bg5 Be7 9. Bxf6 Bxf6 10. O-O O-O 11. Nb5 Be7 12. c4 g6 13. Rc1 a6 14.
Nc3 Bg5 15. Rb1 Ne7 16. Bd3 Rc8 17. Qe2 f5 18. Rfd1 Qb6 19. Kh1 Qb4 20. Nd2
Bxd2 21. a3 Qb6 22. Rxd2 Nc6 23. Qe1 Nd4 24. b3 Qa5 25. b4 Qc7 26. Nd5 Bxd5
27. exd5 b5 28. cxb5 axb5 29. f4 e4 30. Bxe4 fxe4 31. Rxd4 Rxf4 32. g3 Rf5
33. Qxe4 Re5 34. Qg2 Qc2 35. Rf1 Re2 36. Qh3 Rce8 37. Rdf4 Qd3 38. Qh6
Qxd5+ 39. R1f3 Qd1+ 40. Rf1 Qd5+ 41. R1f3 Qd1+ 42. Rf1 1/2-1/2

[Event "38th Olympiad w"]
[Site "Dresden GER"]
[Date "2008.11.17"]
[Round "5"]
[White "Jalloul,M"]
[Black "Zepeda,S"]
[Result "0-1"]
[WhiteElo "1889"]
[BlackElo "2118"]
[EventDate "2008.11.13"]

1. e4 c5 2. Nc3 Nc6 3. g3 d6 4. Bg2 g6 5. d3 Bg7 6. f4 Nf6 7. Nf3 O-O 8.
O-O Rb8 9. h3 b5 10. g4 b4 11. Ne2 a5 12. Rb1 Ba6 13. b3 Qb6 14. Kh1 a4 15.
Qe1 axb3 16. axb3 Bb5 17. Bb2 Ra8 18. Ra1 Ra6 19. g5 Nh5 20. Bxg7 Nxg7 21.
Rxa6 Qxa6 22. Qa1 Ra8 23. Qb2 Qa2 24. Qc1 Bxd3 25. cxd3 Qxe2 26. e5 Ra2 27.
Rg1 Nf5 28. Qe1 Qxd3 29. exd6 Qxd6 30. Qb1 Ra3 31. Qd1 Ng3+ 32. Kh2 Qxf4
33. Re1 Nf5+ 34. Kh1 Ra2 35. Qc1 Ng3+ 36. Kh2 Qxf3 0-1

[Event "38th Olympiad w"]
[Site "Dresden GER"]
[Date "2008.11.17"]
[Round "5"]
[White "Castaneda,Ad"]
[Black "Mouradian,S"]
[Result "1-0"]
[WhiteElo "2068"]
[BlackElo "1828"]
[EventDate "2008.11.13"]

1. e4 c5 2. Nf3 d6 3. d3 Nc6 4. g3 g6 5. Bg2 Bg7 6. O-O e5 7. c3 Nge7 8.
Be3 O-O 9. h3 h6 10. d4 cxd4 11. cxd4 d5 12. Nxe5 Nxe5 13. dxe5 dxe4 14.
Nc3 Kh7 15. Bc5 Qxd1 16. Raxd1 Re8 17. Nxe4 Bxe5 18. f4 Bxb2 19. Nd6 Rg8
20. Nxc8 Nxc8 21. Rd7 Kg7 22. Rxb7 Nb6 23. Re1 Rac8 24. Bf2 Bf6 25. Rxa7
Na8 26. Bf3 g5 27. fxg5 hxg5 28. a4 Nc7 29. Bg4 Ra8 30. Rxc7 Rxa4 31. Be6
Rf8 32. Bb3 Ra5 33. Kg2 Re5 34. Rxe5 Bxe5 35. Rb7 Kg6 36. g4 Bf6 37. Bc5
Rc8 38. Bxf7+ Kh6 39. Be3 Rc2+ 40. Kf1 Rh2 41. Bg8 Kg6 42. Bh7+ Kh6 43. Bf5
1-0

[Event "38th Olympiad w"]
[Site "Dresden GER"]
[Date "2008.11.17"]
[Round "5"]
[White "Lyons,K"]
[Black "Feliciano,V"]
[Result "0-1"]
[WhiteElo "1840"]
[BlackElo "2126"]
[EventDate "2008.11.13"]

1. e4 c5 2. Nf3 Nc6 3. d4 cxd4 4. Nxd4 Nf6 5. f3 e5 6. Ne2 Bc5 7. Nbc3 Qb6
8. Qd2 Bf2+ 9. Kd1 O-O 10. Na4 Qc7 11. Ng3 Bxg3 12. hxg3 d5 13. exd5 Nxd5
14. Bd3 Nf6 15. Qg5 e4 16. fxe4 Bg4+ 17. Kd2 Qxg3 18. Kc3 Nxe4+ 19. Kb3
Nxg5 20. Bxg5 Be6+ 21. Kc3 Qe5+ 0-1

[Event "38th Olympiad w"]
[Site "Dresden GER"]
[Date "2008.11.17"]
[Round "5"]
[White "Coelho,T"]
[Black "Gloria,S"]
[Result "1-0"]
[WhiteElo "1820"]
[BlackElo "1562"]
[EventDate "2008.11.13"]

1. e4 e6 2. Nf3 b6 3. d4 Bb7 4. Bd3 d6 5. O-O Nf6 6. Nc3 Be7 7. h3 O-O 8.
Bf4 h6 9. Qd2 Nh5 10. Be3 Nd7 11. Nh2 e5 12. dxe5 dxe5 13. Ng4 Bg5 14. Rad1
Nf4 15. Bc4 Bc6 16. Qe1 Qe8 17. Nb5 Bd8 18. Bxf4 exf4 19. f3 Ne5 20. Nxe5
Qxe5 21. Nd4 Qc5 22. Bb3 Bf6 23. c3 Bb5 24. Qd2 Bxf1 25. Kxf1 Be5 26. Bd5
Rae8 27. Nc6 b5 28. Nxe5 Rxe5 29. Qxf4 Qe7 30. Qe3 a6 31. Qa7 c5 32. Qxa6
b4 33. cxb4 cxb4 34. a3 Kh8 35. Qb7 Qxb7 36. Bxb7 Rb8 37. Rd7 Kg8 38. axb4
Rb5 39. Bd5 Rxb4 40. Bxf7+ Kh8 41. b3 R4b6 42. Bc4 Rf6 43. Ke2 Rff8 44. Ra7
Ra8 45. Rxa8 Rxa8 46. Kf2 Rb8 47. e5 g5 48. Kg3 Kg7 49. Kg4 Rb6 50. e6 Kf8
51. Kh5 Rd6 52. Kxh6 Rd2 53. Kxg5 Rxg2+ 54. Kf6 Rg3 55. e7+ 1-0

[Event "38th Olympiad w"]
[Site "Dresden GER"]
[Date "2008.11.17"]
[Round "5"]
[White "Latreche,K"]
[Black "Smith,Ja"]
[Result "1-0"]
[WhiteElo "1819"]
[BlackElo "2001"]
[EventDate "2008.11.13"]

1. e4 c5 2. Nf3 d6 3. d4 cxd4 4. Nxd4 Nf6 5. Nc3 Nc6 6. Be2 e6 7. Be3 Be7
8. O-O O-O 9. f4 Bd7 10. Qd2 e5 11. Nf5 Bxf5 12. exf5 e4 13. g4 d5 14. Rad1
Bb4 15. a3 Bxc3 16. bxc3 Ne7 17. Bc5 Re8 18. Bxe7 Qb6+ 19. Qd4 Qxd4+ 20.
Rxd4 Rxe7 21. g5 Ne8 22. Rxd5 Rc8 23. c4 Nc7 24. Rd4 h6 25. h4 Ne8 26. Rfd1
Kh7 27. Kf2 e3+ 28. Kf3 hxg5 29. hxg5 b5 30. Bd3 bxc4 31. f6+ cxd3 32. fxe7
dxc2 33. Rc1 Rc7 34. Kxe3 Rxe7+ 35. Re4 Rxe4+ 36. Kxe4 1-0

[Event "38th Olympiad w"]
[Site "Dresden GER"]
[Date "2008.11.17"]
[Round "5"]
[White "Lim,H"]
[Black "Al Khelaifi,S"]
[Result "0-1"]
[WhiteElo "1566"]
[BlackElo "1707"]
[EventDate "2008.11.13"]

1. d4 d5 2. c4 e6 3. Nc3 Nf6 4. cxd5 exd5 5. Bg5 Nbd7 6. e3 c6 7. Bd3 Be7
8. Qc2 O-O 9. Nge2 Re8 10. O-O Nf8 11. f3 h6 12. Bh4 Ne6 13. Rad1 c5 14.
Bb5 Bd7 15. Bxd7 Qxd7 16. Bxf6 Bxf6 17. dxc5 Bxc3 18. Nxc3 Nxc5 19. Nxd5
Qc6 20. e4 Rac8 21. b4 Na6 22. Qb2 Nc7 23. Rc1 Qd6 24. Nxc7 Rxc7 25. Rxc7
Qxc7 26. Qc1 Qb6+ 27. Qc5 Qa6 28. Qa5 Qd6 29. a3 Qd4+ 30. Kh1 Rc8 31. Qa4
Qe3 32. h3 f6 33. Kh2 Qf4+ 34. g3 Qd2+ 35. Kg1 Rc2 36. Qxc2 Qxc2 37. Re1
Qd3 38. Rd1 0-1

[Event "38th Olympiad w"]
[Site "Dresden GER"]
[Date "2008.11.17"]
[Round "5"]
[White "Umarova,S"]
[Black "Ui Laighleis,G"]
[Result "1-0"]
[WhiteElo "1836"]
[BlackElo "1935"]
[EventDate "2008.11.13"]

1. e4 e6 2. d3 d5 3. Nd2 Nf6 4. g3 Be7 5. Bg2 O-O 6. Ngf3 Re8 7. O-O Nc6 8.
e5 Nd7 9. d4 Nf8 10. Re1 Nb8 11. Nf1 c5 12. c3 Nc6 13. h4 cxd4 14. Nxd4
Nxd4 15. cxd4 f6 16. exf6 Bxf6 17. Nh2 Qb6 18. Nf3 Qd8 19. Qb3 b6 20. Bf4
Bd7 21. Ne5 Bxe5 22. Bxe5 Ng6 23. Bh3 Nxe5 24. Rxe5 Qf6 25. Rae1 Re7 26.
Rxd5 Kh8 27. Rde5 Rf8 28. Qe3 Qf3 29. Qxf3 Rxf3 30. Bxe6 Rxe6 31. Rxe6 Bxe6
32. Rxe6 h6 33. Re3 Rf8 34. Rd3 Rd8 35. d5 Rd6 36. f4 Kg8 37. Kf2 Kf7 38.
Kf3 Kf6 39. g4 g6 40. Ke4 b5 41. g5+ hxg5 42. hxg5+ Ke7 43. Ke5 a6 44. Rh3
Rb6 45. d6+ Kd7 46. Rc3 b4 47. Rc7+ Kd8 48. Ke6 a5 49. f5 gxf5 50. g6 1-0

[Event "38th Olympiad w"]
[Site "Dresden GER"]
[Date "2008.11.17"]
[Round "5"]
[White "Elfelo,K"]
[Black "Gonzalez,Yar"]
[Result "0-1"]
[WhiteElo "1875"]
[BlackElo "1912"]
[EventDate "2008.11.13"]

1. e4 e5 2. Nf3 Nc6 3. Bc4 Bc5 4. d3 Nf6 5. Nc3 h6 6. Bd2 d6 7. O-O Bg4 8.
h3 Bh5 9. Re1 Nd4 10. g4 Nxf3+ 11. Qxf3 Bg6 12. h4 Qd7 13. g5 hxg5 14. Bxg5
Qg4+ 15. Qxg4 Nxg4 16. Rf1 f6 17. Bd2 Rxh4 18. Nd5 Kd7 19. Ne3 Rah8 20. Kg2
Bxe3 21. Bxe3 Nh2 22. Rh1 Rg4+ 0-1

[Event "38th Olympiad w"]
[Site "Dresden GER"]
[Date "2008.11.17"]
[Round "5"]
[White "Aguilar,F"]
[Black "Corbin,R"]
[Result "1/2-1/2"]
[WhiteElo "1835"]
[BlackElo "1876"]
[EventDate "2008.11.13"]

1. d4 d5 2. c4 e6 3. Nf3 c6 4. g3 Nf6 5. Bg2 Nbd7 6. Nbd2 Be7 7. Qc2 Qc7 8.
O-O O-O 9. e4 Nb6 10. b3 a6 11. Bb2 Rd8 12. Ne5 Nbd7 13. cxd5 exd5 14. exd5
Nxe5 15. dxe5 Nxd5 16. Rfd1 Be6 17. Nf1 Nb4 18. Qe2 Rxd1 19. Qxd1 Rd8 20.
Qe2 Nd3 21. Be4 Nxb2 22. Qxb2 Qd7 23. Qc2 g6 24. Bg2 Bf5 25. Qe2 Qd4 26.
Rc1 Bg4 27. Qc4 Ba3 28. Rc2 Qxc4 29. Rxc4 Be2 30. Rc2 Bxf1 31. Kxf1 Kf8 32.
Ke2 Ke7 33. f4 1/2-1/2

[Event "38th Olympiad w"]
[Site "Dresden GER"]
[Date "2008.11.17"]
[Round "5"]
[White "Smith,O"]
[Black "Mudongo,B"]
[Result "1-0"]
[WhiteElo "1961"]
[BlackElo "1917"]
[EventDate "2008.11.13"]

1. e4 c5 2. Nf3 d6 3. d4 cxd4 4. Nxd4 Nf6 5. Nc3 a6 6. Bc4 e6 7. Bb3 Qc7 8.
Bg5 Be7 9. Qf3 Nc6 10. O-O-O Na5 11. Ba4+ b5 12. Ndxb5 axb5 13. Nxb5 Qb6
14. Nc7+ Kf8 15. Nxa8 Qb7 16. e5 Nd5 17. Bxe7+ Kxe7 18. exd6+ Kxd6 19. Qa3+
Ke5 20. Rhe1+ Kf6 21. Qf3+ Kg6 22. c4 Nxc4 23. Qd3+ Kf6 24. Qxc4 Qxa8 25.
Qd4+ Kg6 26. Bc2+ f5 27. g4 Qxa2 28. gxf5+ Kf7 29. Qe5 Nb4 30. Qc7+ Kf6 31.
Qc3+ Kf7 32. Qxb4 Qa1+ 33. Bb1 Qa7 34. fxe6+ Bxe6 35. Qf4+ 1-0

[Event "38th Olympiad w"]
[Site "Dresden GER"]
[Date "2008.11.17"]
[Round "5"]
[White "Sabure,O"]
[Black "Owens,M"]
[Result "1-0"]
[WhiteElo "1641"]
[BlackElo "1783"]
[EventDate "2008.11.13"]

1. e4 c5 2. Nc3 a6 3. f4 b5 4. a4 b4 5. Nce2 Bb7 6. d3 Nf6 7. Nf3 e6 8. g3
d5 9. e5 Nfd7 10. d4 Nc6 11. Be3 Rc8 12. Bg2 Qa5 13. O-O Nb6 14. b3 cxd4
15. Nfxd4 Nxd4 16. Nxd4 Bc5 17. Qd3 Bxd4 18. Bxd4 g6 19. g4 Nd7 20. f5 Nf8
21. Rf2 h6 22. Raf1 Rh7 23. fxg6 Rg7 24. Rxf7 Rxf7 25. gxf7+ Kd7 26. Qe3
Rxc2 27. Qxh6 Qd8 28. g5 Rd2 29. Bc5 Rc2 30. Qxf8 Rxg2+ 31. Kxg2 Qxg5+ 32.
Kf2 Qd2+ 33. Kg3 Qg5+ 34. Kf2 Qd2+ 35. Kf3 d4+ 36. Kg4 Qg2+ 37. Kh4 Qxh2+
38. Kg5 Qd2+ 39. Rf4 Qg2+ 40. Kf6 Be4 41. Qd6+ Kc8 42. f8=Q+ Kb7 43. Qfb8+
1-0

[Event "38th Olympiad w"]
[Site "Dresden GER"]
[Date "2008.11.17"]
[Round "5"]
[White "Stolarczyk,An"]
[Black "Mona,K"]
[Result "0-1"]
[WhiteElo "2001"]
[BlackElo "1967"]
[EventDate "2008.11.13"]

1. d4 d5 2. c4 e6 3. Nc3 f5 4. Nf3 Nf6 5. Bg5 c6 6. e3 Bd6 7. Ne5 O-O 8.
Be2 Qe8 9. O-O Nbd7 10. Bf4 Ne4 11. Nxe4 fxe4 12. Nxd7 Qxd7 13. Bxd6 Qxd6
14. f4 b6 15. Rc1 c5 16. dxc5 bxc5 17. cxd5 exd5 18. Qc2 d4 19. Qxc5 Qxc5
20. Rxc5 d3 21. Bd1 Bb7 22. Rc7 Bd5 23. Ba4 Rf7 24. Rc5 Rd8 25. a3 Rb7 26.
b4 Kf7 27. Kf2 Ke7 28. Rfc1 Rd6 29. g4 h6 30. h4 Ke6 31. Rc8 Kf6 32. R1c5
Be6 33. g5+ hxg5 34. fxg5+ Kg6 35. h5+ Kxh5 36. Rh8+ Kg6 37. Bd1 Rf7+ 38.
Ke1 d2+ 39. Ke2 Bg4+ 0-1

[Event "38th Olympiad w"]
[Site "Dresden GER"]
[Date "2008.11.17"]
[Round "5"]
[White "Alaa el Din,Y"]
[Black "Debowska,T"]
[Result "1-0"]
[WhiteElo "1959"]
[BlackElo "1916"]
[EventDate "2008.11.13"]

1. e4 c5 2. Nc3 Nc6 3. f4 g6 4. Nf3 Bg7 5. Bb5 e6 6. Bxc6 bxc6 7. O-O d5 8.
d3 Ne7 9. e5 O-O 10. Na4 Qa5 11. b3 Nf5 12. Bd2 Qc7 13. Qe1 Nd4 14. Nxd4
cxd4 15. Bb4 Rd8 16. Bc5 Bf8 17. Bxd4 c5 18. Bf2 d4 19. Bh4 Rd7 20. Rf3 Bb7
21. Rh3 Qc6 22. Qg3 f5 23. exf6 Rf7 24. Re1 Re8 25. Re2 Bc8 26. Qf3 Qc7 27.
Nb2 Bd6 28. Bg5 Bb7 29. Qf2 Bd5 30. Nc4 Bxc4 31. dxc4 Qd7 32. Rh4 a5 33.
Qe1 a4 34. Rh3 a3 35. c3 Bc7 36. Rd3 h6 37. Bxh6 Rxf6 38. Qh4 Rf5 39. Bg5
Qg7 40. cxd4 cxd4 41. g4 Rf7 42. Re4 e5 43. c5 Ref8 44. Qh6 exf4 45. Qxg7+
Kxg7 46. Rexd4 f3 47. h4 f2+ 48. Kf1 Re8 49. Re3 Rxe3 50. Bxe3 Bg3 51. c6
Bxh4 52. Rd7 Rxd7 53. cxd7 Bd8 54. Bc5 Kf7 55. Kxf2 Ke6 56. Bxa3 Kxd7 57.
Ke3 Kc6 58. Ke4 Bf6 59. Bf8 Bc3 60. Be7 Kd7 61. Bg5 Ke6 62. Be3 Be5 63. b4
Bc7 64. b5 Ba5 65. b6 Kd6 66. Bd4 Kc6 67. Ke5 Bd2 68. Ke4 Bg5 69. a4 Bd2
70. Ke5 g5 71. Kf5 Bf4 72. a5 Kb7 73. Bf6 Bd2 74. Bxg5 Bxa5 75. Be3 Bc3 76.
g5 Kc6 77. g6 Kd7 78. Ke4 Bg7 79. Bd4 Bf8 80. g7 Bxg7 81. Bxg7 Kc6 82. Bd4
Kb7 83. Kd5 Kb8 84. Kc6 Ka8 85. b7+ 1-0

[Event "38th Olympiad w"]
[Site "Dresden GER"]
[Date "2008.11.22"]
[Round "9"]
[White "Bojkovic,N"]
[Black "Zhao Xue"]
[Result "1-0"]
[WhiteElo "2420"]
[BlackElo "2518"]
[EventDate "2008.11.13"]

1. e4 e5 2. Nf3 Nc6 3. Bb5 a6 4. Bxc6 dxc6 5. O-O Be7 6. d3 Bf6 7. Nbd2 Ne7
8. b3 c5 9. Bb2 Nc6 10. Nc4 Bg4 11. h3 Bxf3 12. Qxf3 O-O 13. Ne3 g6 14. Qd1
Nd4 15. a3 Bg7 16. b4 f5 17. exf5 gxf5 18. Re1 f4 19. Ng4 f3 20. Bxd4 exd4
21. bxc5 Qg5 22. g3 Qh5 23. Nh2 Rf6 24. Re4 Qxc5 25. Qb1 Raf8 26. Qb3+ Kh8
27. Rae1 Qf5 28. Ng4 Rb6 29. Qc4 Rc6 30. Qb4 Qc5 31. Qxb7 Rb6 32. Qa7 Qxc2
33. Re7 Rb1 34. Qxa6 Rxe1+ 35. Rxe1 Qc3 36. Rb1 Re8 37. Qb5 c6 38. Qf5 Qc2
39. Rb7 Rf8 40. Rf7 Rxf7 41. Qxf7 Qe2 42. Nh2 Qd1+ 43. Nf1 Qe2 44. a4 h6
45. Qf5 c5 46. a5 c4 47. Qc8+ Kh7 48. Qxc4 Qe5 49. a6 Qf5 50. Kh2 Qd7 51.
Qc5 1-0

[Event "38th Olympiad w"]
[Site "Dresden GER"]
[Date "2008.11.22"]
[Round "9"]
[White "Chelushkina,I"]
[Black "Tan Zhongyi"]
[Result "1-0"]
[WhiteElo "2360"]
[BlackElo "2395"]
[EventDate "2008.11.13"]

1. e4 c5 2. Nc3 d6 3. f4 Nc6 4. Nf3 g6 5. Bc4 Bg7 6. O-O e6 7. f5 exf5 8.
d3 h6 9. Qe1 Nge7 10. a4 a6 11. Kh1 Nb4 12. Bb3 Be6 13. Nd5 fxe4 14. dxe4
a5 15. Qe2 O-O 16. Nxb4 axb4 17. Be3 Bxb3 18. cxb3 Nc6 19. Rad1 Qe7 20. Qd2
Qxe4 21. Bxh6 Rad8 22. Rde1 Qg4 23. h3 Bxh6 24. Qxh6 Qh5 25. Qf4 Qf5 26.
Qg3 Rfe8 27. Ne5 Rxe5 28. Rxf5 Rxf5 29. Rd1 Nd4 30. Kh2 Kg7 31. Qh4 Rd7 32.
Rxd4 cxd4 33. Qxd4+ Kg8 34. Qxb4 d5 35. Qd4 Re7 36. a5 Re2 37. Qb6 Rxb2 38.
h4 Rff2 39. Qd8+ Kh7 40. Qxd5 Ra2 41. b4 Rab2 42. Kg3 b5 43. axb6 Rbd2 44.
Qc6 Rfe2 45. b7 Rd8 46. Qc7 Ree8 47. Qxf7+ Kh6 48. Qf4+ Kg7 49. Kg4 Kh7 50.
h5 gxh5+ 51. Kxh5 Rd5+ 52. Kh4 Rdd8 53. Qf5+ Kg7 54. g4 Rf8 55. Qe5+ Kg6
56. Qe6+ Kg7 57. Kg5 Rg8 58. Qe7+ Kh8+ 59. Kh6 1-0

[Event "38th Olympiad w"]
[Site "Dresden GER"]
[Date "2008.11.22"]
[Round "9"]
[White "Kachiani,K"]
[Black "Wagener,A"]
[Result "0-1"]
[WhiteElo "2371"]
[BlackElo "2246"]
[EventDate "2008.11.13"]

1. Nf3 d5 2. d4 e6 3. c4 a6 4. g3 dxc4 5. Bg2 Nd7 6. O-O Rb8 7. d5 Nb6 8.
dxe6 Bxe6 9. Ng5 Qxd1 10. Rxd1 Bd6 11. Nxe6 fxe6 12. Nc3 Nf6 13. Bh3 Ke7
14. e4 Rbd8 15. Be3 h6 16. Rxd6 Kxd6 17. e5+ Kxe5 18. Bf4+ Kd4 19. Be3+ Ke5
20. Re1 Kd6 21. Bf4+ Kc5 22. Bxc7 Rde8 23. Be5 Nbd5 24. Ne2 g5 25. b4+ Kxb4
26. Rb1+ Kc5 27. Rxb7 Rh7 28. Rb1 Nd7 29. Bb2 e5 30. Ba3+ Kc6 31. Bg2 N7f6
32. Rc1 Kb5 33. Rb1+ Kc6 34. Nc3 Rd7 35. Rc1 e4 36. Bb2 Nxc3 37. Bxc3 Nd5
38. Bd4 Nb6 39. Be3 Rc7 40. Bf1 Re6 41. Rb1 Rb7 42. Rc1 Rc7 43. Rb1 Rb7 44.
Rc1 Re5 45. Bd4 Ra5 46. Bg2 Re7 47. Rc2 Rb5 48. h3 Rd5 49. Be3 Rd1+ 50. Kh2
Re6 51. g4 Kb5 52. Rb2+ Ka5 53. Bxe4 Rxe4 54. Bxb6+ Ka4 55. Rc2 Kb4 56. f3
Re6 57. Bc7 c3 58. Kg3 Ree1 59. Kf2 Rd2+ 60. Kxe1 Rxc2 61. Bd6+ Kc4 62. Bf8
Kd3 63. Bxh6 Re2+ 64. Kf1 Kd4 0-1

[Event "38th Olympiad w"]
[Site "Dresden GER"]
[Date "2008.11.22"]
[Round "9"]
[White "Ohme,M"]
[Black "Bakalarz,G"]
[Result "1-0"]
[WhiteElo "2237"]
[BlackElo "2001"]
[EventDate "2008.11.13"]

1. e4 d6 2. d4 Nf6 3. Nc3 g6 4. Be3 c6 5. Qd2 b5 6. Bd3 Nbd7 7. Nf3 Qc7 8.
h3 Bb7 9. Ne2 a6 10. Ng3 e5 11. dxe5 dxe5 12. O-O Bg7 13. a4 O-O 14. c4
bxc4 15. Bxc4 c5 16. Qc2 Qc6 17. Rfd1 Rac8 18. Rd2 Ne8 19. Rad1 Nb6 20. Bd5
Nxd5 21. Rxd5 f6 22. Rxc5 Qe6 23. Rxc8 Bxc8 24. Ne2 Rf7 25. Nc3 Bb7 26. Nd5
Rd7 27. Qc4 Kh8 28. Qe2 Bf8 29. Nc3 Rxd1+ 30. Qxd1 Qd6 31. Qb3 Bc8 32. Nd2
Be6 33. Qb7 Kg8 34. Nd5 Bd7 35. Qb3 Kg7 36. Nc4 Qb4 37. Nxb4 1-0

[Event "38th Olympiad w"]
[Site "Dresden GER"]
[Date "2008.11.22"]
[Round "9"]
[White "Zhukova,N"]
[Black "Peptan,C"]
[Result "1-0"]
[WhiteElo "2488"]
[BlackElo "2430"]
[EventDate "2008.11.13"]

1. d4 Nf6 2. c4 e6 3. Nf3 b6 4. g3 Ba6 5. Qc2 Bb7 6. Bg2 c5 7. d5 exd5 8.
cxd5 Nxd5 9. O-O Be7 10. Rd1 Nc6 11. Qf5 Nf6 12. e4 g6 13. Qf4 O-O 14. e5
Nh5 15. Qg4 Qc8 16. Nc3 d5 17. Qxc8 Raxc8 18. Nxd5 Rfd8 19. Nxe7+ Nxe7 20.
Bg5 Kf8 21. Bh6+ Kg8 22. Bg5 Kf8 23. Rd6 Ng7 24. Rad1 Ke8 25. Nd2 Bxg2 26.
Kxg2 Ngf5 27. Ne4 Nxd6 28. Nf6+ 1-0

[Event "38th Olympiad w"]
[Site "Dresden GER"]
[Date "2008.11.22"]
[Round "9"]
[White "Gaponenko,I"]
[Black "Paulet,I"]
[Result "1/2-1/2"]
[WhiteElo "2473"]
[BlackElo "2307"]
[EventDate "2008.11.13"]

1. e4 c5 2. Nf3 d6 3. d4 cxd4 4. Nxd4 Nf6 5. Nc3 a6 6. Be3 e5 7. Nb3 Be7 8.
Qd2 Be6 9. O-O-O O-O 10. f4 Ng4 11. g3 Nxe3 12. Qxe3 b5 13. Kb1 Nd7 14. h4
b4 15. Na4 Bg4 16. Be2 Bxe2 17. Qxe2 Qc7 18. Nd2 Rfc8 19. Nf3 Qa5 20. b3
exf4 21. gxf4 Nc5 22. Nb2 Ne6 23. Nd4 Nxf4 24. Qg4 Qe5 25. Rhf1 Ne6 26. Rf5
Qh2 27. Rxf7 Rxc2 28. Nxc2 Kxf7 29. Qh5+ g6 30. Qxh7+ Ng7 31. Nc4 Rc8 32.
Qh6 Rxc4 33. bxc4 Qe5 34. Qd2 Ne6 35. Qd5 Bxh4 36. Qxe5 dxe5 37. Nxb4 a5
38. Nc6 Kf6 39. Nxa5 g5 40. Nb7 g4 41. Nd8 Nd4 42. c5 Ke7 43. Nb7 Bf2 44.
Nd6 g3 45. Rxd4 exd4 46. Nf5+ Kd7 47. Nh4 d3 48. Kb2 Bd4+ 49. Kb3 Kc6 50.
Nf5 Be5 51. Nxg3 Bxg3 52. Kc3 Kxc5 53. Kxd3 1/2-1/2